000 00618nam a2200181Ia 4500
003 LK-CoDNM
008 010623t1999 xxu||||| |||| 00| 1 sin d
040 _aLK-CoDNM
_dLK-CoDNM
_eLK-CoDNM
041 _asin
080 _a929 JAY
100 _aJayawardena, Ananda
245 _aසිංහල වීර චරිත කථා සහ ශ්‍රී ලංකා රාජ්‍ය නාමාවලිය - 3
246 _aSinhala weera charitha katha saha Sri Lanka rajya namawaliya - 3
260 _bA.J.Publication servicese
_aDevinuwara
_c1999
300 _b26, 21 cm
650 _aBiography
942 _cBK
999 _c119954
_d119954